| 000 | 00312nam a22000977a 4500 | ||
|---|---|---|---|
| 008 | 150401b xxu||||| |||| 00| 0 eng d | ||
| 020 |
_a978-3-527-31874-2 _cAvailable |
||
| 082 |
_a572.8028KLI _b002850 |
||
| 245 |
_aA Textbook Systems Biology _cKlipp Edda _hEnglish |
||
| 260 |
_aGermany _bWiley-Vch Verlag GmbH&Co KGaA _c2009 |
||
| 999 |
_c24773 _d24773 |
||